La chevalerie /
Main Author:
Other Authors:
Format: Book
Language: French
Published:
[Paris] :
Arthaud,
[1960, c1959].
Subjects:
Tags: Add Tag
Call Number: CR4509 .G3 1960
| LEADER | 00685nam a2200229I 4500 | ||
|---|---|---|---|
| 001 | 7140 | ||
| 003 | OSt | ||
| 005 | 20251113114256.0 | ||
| 008 | 130303t19601959fr a 000 0 fre d | ||
| 035 | |a ocm06358952 | ||
| 040 | |c ARCE Library | ||
| 050 | 4 | |a CR4509 .G3 1960 | |
| 100 | 1 | |a Gautier, Léon, |d 1832-1897, |e author | |
| 245 | 1 | 3 | |a La chevalerie / |c Léon Gautier, ... ; éd. préparée et adaptée par Jacques Levron. |
| 264 | 1 | |a [Paris] : |b Arthaud, |c [1960, c1959]. | |
| 300 | |a 368 pages : |b illustrations ; |c 21 cm. | ||
| 650 | 0 | |a Civilization, Medieval. | |
| 650 | 0 | |a Chivalry. | |
| 700 | 1 | |a Levron, Jacques, |d 1906-2004. |9 34719 | |
| 901 | |a reviewed | ||
| 942 | |c BK |2 lcc | ||
| 999 | |c 4991 |d 4991 | ||
